=LDR 00000nam 2200000 4500 =001 INLIS000000000006278 =005 20220608115212 =035 ##$$a 0010-0622000139 =245 1#$$a Menciptakan IKM Tanggung : $b Dukungan Maksimal untuk Memperkuat IKM, Penghargaan untuk IKM Tangguh, Produk Timur Indonesia Layak Ekspor /$c BUSHARMAIDI =100 #$$a Busharmaidi =250 ##$$a Edisi LI- Desember 2015 =300 ##$$a 78 halaman : $b Gambar ; $c 21x28 cm =856 ##$$a OPAC (Rak 1.7) =260 ##$:$b Direktorat Jenderal Industri Kecil dan Menengah =082 ##$$a 050.02 =084 ##$$a 050.02 BUS m =650 #4$$a Terbitan Berkala Umum =650 #4$$a Majalah 2016 =500 ##$$a IKM Tanggunh Bai sebagian orang memulai usaha bukan perkara mudah. Apalagi bila usaha tersebut adalah berkaian dengan proses produksi produk. Membuat produk dari racikan atau kombinasi bahan baku. Namun bila hal tersebut dilakukan dengan kesungguhan, keuletan dan pantang menyerah suatu saat hasilnya bisa di petik =990 ##$$a 01/MJ-16